000 00245nam a2200097Ia 4500
001 689966
005 20250826161807.0
008 250824s9999 xx 000 0 und d
245 0 _aYA TAHAMMÜL YA SEFER
_cMUSTAFA KUTLU
260 _bDERGAH YAYINLARI
999 _c689966
_d689966